| 000 -ლიდერი |
| ფიქსირებული სიგრძის საკონტროლო ველი |
01406nam a2200277Ia 4500 |
| 001 - საკონტროლო ნომერი |
| საკონტროლო ველი |
19551 |
| 003 - საკონტროლო ნომრის იდენტიფიკატორი |
| საკონტროლო ველი |
GE_BSU |
| 005 - ბოლო ოპერაციის თარიღი და დრო |
| საკონტროლო ველი |
20200303223104.0 |
| 008 - ფიქსირებული სიგრძის მონაცემთა ელემენტები - ზოგადი ინფორმაცია |
| ფიქსირებული სიგრძის საკონტროლო ველი |
181216s1987||||ge |||||||||||||| ||geo|| |
| 040 ## - კატალოგიზაციის წყარო |
| Transcribing agency |
GE_BSU |
| 041 ## - ენის კოდი |
| Language code of text/sound track or separate title |
geo |
| 080 ## - უნივერსალური ათობითი კლასიფიკაციის ინდექსი |
| Universal Decimal Classification number |
801.73 + 821.353.1 ბ-55 |
| 100 ## - მთავარი ჩანაწერი - პიროვნების სახელი |
| Personal name |
ბეროზაშვილი, თ. |
| 9 (RLIN) |
7681 |
| 245 ## - ცნობა სათაურის შესახებ |
| Title |
ტექსტისა და მისი ავტორის დადგენის ენობრივი საშუალებანი : |
| Remainder of title |
(თხზულების "ისტორიანი და აზმანი შარავანდედთანი" მასალაზე) / |
| Statement of responsibility, etc |
თ. ბეროზაშვილი ; რედ. ა. ჭინჭარაული. |
| 264 ## - წარმოების, გამოცემის, დისტრიბუციის და სხვა ცნობები |
| გამოცემის, წარმოების, დისტრიბუციის... ადგილი |
თბილისი : |
| გამოცემის, წარმოების, დისტრიბუციის... სახელწოდება |
მეცნიერება, |
| გამოცემის, წარმოების, დისტრიბუციის... თარიღი |
1987. |
| 300 ## - ფიზიკური აღწერა |
| Extent |
134 გვ. ; |
| Dimensions |
21 სმ. |
| 504 ## - BIBLIOGRAPHY, ETC. NOTE |
| Bibliography, etc |
ბიბლიოგრ. გვ. : 132-133 |
| 520 ## - SUMMARY, ETC. |
| Summary, etc |
რეზიუმე რუსულ ენაზე |
| 653 ## - INDEX TERM--UNCONTROLLED |
| Uncontrolled term |
საქართველოს ისტორიის წყაროები |
| 653 ## - INDEX TERM--UNCONTROLLED |
| Uncontrolled term |
ტექსტოლოგია |
| 653 ## - INDEX TERM--UNCONTROLLED |
| Uncontrolled term |
ქართული ლიტერატურის ისტორია |
| 653 ## - INDEX TERM--UNCONTROLLED |
| Uncontrolled term |
კრიტიკა |
| 700 ## - ADDED ENTRY--PERSONAL NAME |
| Personal name |
ჭინჭარაული, ა. |
| Relator term |
რედაქტორი |
| 9 (RLIN) |
7682 |
| 942 ## - ADDED ENTRY ELEMENTS (KOHA) |
| Koha item type |
წიგნი |
| Source of classification or shelving scheme |
|